000
00336 a2200145 4500
001
157082
040
_c
Escola São Tomás de Aquino
100
_a
BERUTTI, Flávio
240
1
0
_a
Brasil 500 anos de esperança
_l
por
245
1
0
_a
Brasil 500 anos de esperança
300
_a
27
362
0
_a
2000
697
_a
HISTÓRIA
942
_c
BK
999
_c
157082
_d
157082